000 00635nam a2200277Ia 4500
005 20260324135637.0
008 008 260324s9999 xx 000 0 eng d
020 _a9781315203256
037 _aEBOOK
040 _aCRL
040 _beng
040 _cCRL
041 _2eng
041 _aeng
084 _qCRL
100 _aBecky Tatum
_91201349
245 0 _aCrime, Violence and Minority Youths
260 _bTaylor and Francis
260 _c2000
365 _a
365 _b170
856 _uhttp://www.taylorfrancis.com/books/9781315203256
942 _cEBOOK
999 _c1802669
_d1802669